Library Banner

Sozosaaz-e-Roomi (Urdu) (Record no. 38258)

MARC details
000 -LEADER
fixed length control field 00414nam a2200169Ia 4500
001 - CONTROL NUMBER
control field 38943
008 - FIXED-LENGTH DATA ELEMENTS--GENERAL INFORMATION
fixed length control field 140423s9999 xx 000 0 und d
020 ## - INTERNATIONAL STANDARD BOOK NUMBER
International Standard Book Number 9789690021540
040 ## - CATALOGING SOURCE
Transcribing agency PK-LaUMT
082 ## - DEWEY DECIMAL CLASSIFICATION NUMBER
Classification number 297.4
Item number SOZ-
100 ## - MAIN ENTRY--PERSONAL NAME
Personal name Abdul Latif Khan
245 ## - TITLE STATEMENT
Title Sozosaaz-e-Roomi (Urdu)
Statement of responsibility, etc Abdul Latif Khan
260 ## - PUBLICATION, DISTRIBUTION, ETC. (IMPRINT)
Place of publication, distribution, etc Lahore,Pakistan:
Name of publisher, distributor, etc Ferozesons,
Date of publication, distribution, etc 2008
300 ## - PHYSICAL DESCRIPTION
Extent 579 p.
546 ## - LANGUAGE NOTE
Language note EN
942 ## - ADDED ENTRY ELEMENTS (KOHA)
Koha item type Books
Holdings
Withdrawn status Lost status Damaged status Not for loan Home library Current library Date acquired Total Checkouts Full call number Barcode Date last seen Date checked out Price effective from Koha item type
        UMT Main Campus UMT Main Campus 2014-04-23 4 297.4 SOZ- 41746 2017-03-28 2017-03-15 2014-05-05 Books